Closest Canadian Province Population to US State Population - Statistics

General Stats
  • This quiz has been taken 42 times
  • The average score is 7 of 9
Answer Stats
State Province % Correct
Illinois Ontario
100%
Montana Saskatchewan
85%
Wyoming Newfoundland and Labrador
79%
Arizona Quebec
79%
Kentucky British Columbia
70%
Maine Manitoba
67%
Delaware Nova Scotia
61%
Connecticut Alberta
58%
North Dakota New Brunswick
58%
No matching quizzes found
Score Distribution
Percent of People with Each Score
Percentile by Number Answered
Your Score History
You have not taken this quiz